00721nam a22002417a 4500003000500000005001700005008004100022010000900063011000900072035000900081040000900090100002000099245008900119260007700208300000900285490004300294500001200337650002000349650002200369700002100391700002400412830004300436CHAP20220329133248.0971013s1990 r 00010 d a4070 a5042 a4248 cCHAP00aHill, Lowell D. aImpact of production changes on soybean movementsb: among selected states 1982-1983 aUrbana :bUniversity of Illinois. Agricultural Experiment Station,c1990 a68 p aUniversity of Illinois bulletinv; 797 aD52-15014aSoyaxMercadeo.14aSoyaxTransporte.0 aAllen, Albert J.0 aTraylor, Harlon D .0 aUniversity of Illinois bulletinv; 797